00548nam a2200193 a 4500001001300000003000900013005001700022008004100039020002300080082002100103100001700124245006100141260005200202300000900254500003500263505001000298650002900308700001700337nice12345678IN_TiNIC20260116013645.0050524s1991 bera grp 000 0 eng  a0520912 c10000a341.4810956bDWY aDwyer, Kevin aArab Voicesb the Human Rights Debate in the Middle East aBerkeleybUniversity of California Press c1991 a245p aincludes index and biblioraphy2 aIndex aHuman Rights-Middle East1 aDwyer, Kevin